000
00248nam a2200109Ia 4500
008
220713s9999 xx 000 0 und d
020
_a
978 0716677253
082
_a
JNF 551.6 LEAR
100
_a
LEARNING
_9
151611
245
0
_a
WEATHER
942
_c
BK
_y
561
_z
John Tresidder
999
_c
704975
_d
704974